| 000 | 00524nam a22001933 4500 | ||
|---|---|---|---|
| 001 | 199089 | ||
| 010 | _a972-21-0423-3 | ||
| 021 | _b29767/89 | ||
| 090 | _a199089 | ||
| 100 | _a20251117d u||y0pory50 ba | ||
| 200 |
_aUm encontro com Fidel _fGianni Min _gtraduȯ̂ Rogřio Fernandes |
||
| 210 |
_aLisboa _cEditorial Caminho _d1989 |
||
| 215 |
_a21 cm _cbrochado |
||
| 606 |
_91246 _aPolt̕ica |
||
| 675 |
_a32 _vPT _zpor |
||
| 700 |
_914989 _aMin _bGianni |
||
| 801 |
_aPT _bBMMN _gRPC |
||
| 830 |
_cFernando _fFernando |
||
| 990 | _cLIVROS | ||